[Event "WCC cand"]
[Site "Cazorla"]
[Date "1998.05.28"]
[Round "4"]
[White "Shirov, Alexei"]
[Black "Kramnik, Vladimir"]
[Result "1-0"]
[WhiteElo "2710"]
[BlackElo "2790"]
[Annotator "Lukacs,P"]
[PlyCount "125"]
[EventDate "1998.05.24"]
[EventType "match"]
[EventRounds "9"]
[EventCountry "ESP"]
[SourceTitle "CBM 065"]
[Source "ChessBase"]
[SourceDate "1998.08.06"]
[SourceVersion "1"]
[SourceVersionDate "1998.08.06"]
[SourceQuality "1"]

1. e4 {King Hansen,Cu Blatny,P Hecht} e5 2. Nf3 Nf6 3. d4 Nxe4 4. Bd3 d5 5.
Nxe5 Nd7 6. Nxd7 Bxd7 7. O-O Bd6 8. c4 (8. Nc3 {King} Nxc3 9. bxc3 O-O 10. Qh5
f5 11. Rb1 b6 12. Re1 c6 13. Bg5 Qc7 14. c4 Be8 15. Qh3 dxc4 16. Bxc4+ Bf7 17.
Be6 Bxe6 18. Rxe6 Rae8 19. Qb3 Rxe6 20. Qxe6+ Rf7 21. Qe8+ Rf8 22. Qe6+ Rf7 23.
Qe8+ Rf8 {1/2-1/2 Shirov,A-Kramnik,V/WCC Cand final 1998}) 8... c6 9. cxd5 cxd5
10. Qh5 (10. Nc3 {King} Nxc3 11. bxc3 O-O $1 $146 12. Qh5 g6 $1 13. Qxd5 Qc7
14. Bh6 Rfe8 15. h4 Be6 16. Qf3 Qxc3 17. Qf6 Bf8 18. Bxf8 Rxf8 19. Rfd1 Qa5 20.
Be4 Qd8 21. Qxd8 Raxd8 $10 {Tiviakov,S-Yusupov,A/Groningen/1994/CBM 45}) 10...
O-O 11. Qxd5 Bc6 {This positional P sacrifice gives Black excellent chances
for equalization. The o^ d4 can easily be blockaded, and his pieces are very
active. This looks as a good strategy on a match against a brilliant attacking
player, as Shirov.} 12. Qh5 g6 13. Qh3 Ng5 {King: Theory hasn't yet
crystallised on this position. Artur Jussupow is the big expert on the
variation. His latest try in this position was:} (13... Qb6 {Polgar,J-Jussupow,
A/Madrid/1995/CBM 47}) (13... Rc8 {is perhaps not the most important move in
this position.} 14. Bxe4 $142 (14. Bh6 Re8 15. Nd2 Bd7 (15... Nxd2 $5 16. Bxd2
Bf8 17. Bc3 b5 $44 {Ivanchuk}) 16. Qf3 Qh4 17. g3 Nxd2 18. Bxd2 Qxd4 19. Bc3
Qg4 20. Qxg4 {1/2:1/2 Ivanchuk-Jussupow,A/Linares/1993/} (20. Qf6 Rxc3 $1 {
This is a positional exchange sacrifice, after Which White loses the |^, and
Black's position remains a tough nut to crack.} 21. Qxc3 (21. bxc3 Be5 22. Qh4
Qxh4 23. gxh4 Bxc3 24. Rac1 Ba5 $44) 21... Bc6 $44 {Jussupow,A})) 14... Bxe4
15. Nc3 Bf5 (15... Re8 16. Be3 (16. Bg5 $5 Qxg5 17. Nxe4 Qe7 18. Rae1 $16 {
Yusupov}) 16... Bf5 17. Qf3 Bb8 18. Rfe1 b5 19. g4 {Timman-Jussupow,A/ Linares/
1993/} b4 (19... Rxc3 {Blatny,P} 20. bxc3 Be4 21. Qh3 h5 22. gxh5 Re6 23. f3 {
Timman,J-Jussupow,A/Linares 1993/1-0/CBM 34 (36)}) 20. Nd5 Re4 $1 21. gxf5 Qxd5
22. Rec1 $14 {Timman}) 16. Qf3 Re8 $14 (16... Qh4 17. g3 Qxd4 18. Rd1 Qb6 19.
Nd5 $16)) (13... Bb4 $5 {is a fresh idea} 14. Nc3 ({After} 14. Be3 $5 {King
Black still has to prove he has enough for the pawn.}) 14... Bxc3 15. Bxe4 {
King} Bxd4 16. Bxc6 bxc6 {is indeed even.}) (13... Qb6 {Blatny,P} 14. Nc3 Qxd4
15. Bxe4 Bxe4 16. Qh4 (16. Rd1 Qe5 $10 {>< Kg1} 17. Re1 $2 Bxg2 $1 $17) 16...
f5 17. Nb5 (17. Bh6 {King} Rfe8 18. Rad1 Qc5 19. Nxe4 Rxe4 20. Qf6 Be5 21. Qe6+
Kh8 22. Qd7 Rg8 23. g3 Qc6 24. Qf7 Qf6 25. Rd7 Qxf7 26. Rxf7 Bxb2 27. Rb1 Re2
28. Kf1 Rc2 29. Be3 Be5 30. Rbxb7 Re8 31. Rxh7+ Kg8 32. Rxa7 Rxa2 33. Rad7 Ra1+
34. Kg2 Rd1 35. Rxd1 Kxh7 36. Rd7+ Kg8 37. Kf3 Bf6 38. h4 Re7 $4 39. Rd6 Rf7
40. Bg5 {1-0 Palac,M-Marciano,D/Cannes op 1998}) 17... Qf6 18. Qxf6 Rxf6 19.
Bg5 Re6 20. Nxd6 Rxd6 21. Rad1 $11 {1/2-1/2 Polgar,J-Jussupow,A/Madrid 1995/
CBM 47/[Ernst]}) 14. Bxg5 (14. Qh6 Be7 $44) (14. Qe3 Ne6 15. Nc3 Bf4) 14...
Qxg5 15. Nc3 Rfe8 {Hansen,Cu: Blacks strong bishops (^^) compensate for whites
(weak) ekstra d4-P} 16. d5 {With tactical means White liquidates for a
slightly better _|_.} (16. Rae1 $2 Rxe1 17. Rxe1 Qd2 $1) (16. Rad1 Bf8 $44) (
16. Rae1 $5 {Blatny,P}) 16... Bxd5 17. f4 Qd8 (17... Bxf4 $4 {is a serious
blunder because of} 18. Nxd5 Be3+ 19. Nxe3 Rxe3 20. Rf3 $18) 18. Nxd5 Bc5+ 19.
Kh1 Qxd5 20. Rac1 $1 {/\ Bc4 With opposite coloured Bs with heavy artillery on
the board the attacking player has better chances, because the defender cannot
exchange the attacking B.  Hansen,Cu: White gave back his extra-P in the hope
of getting attacking chances with f4-f5 and Bd3-c4} Be3 (20... Re3 $5 {leads
to immense complications:} 21. Bc4 $1 Qd4 22. Bxf7+ $1 (22. Qh4 Be7 23. Qf2 Rd8
24. f5 g5) (22. Qh6 Bf8) (22. Qh4 $11 {Blatny,P}) 22... Kg7 $1 23. g3 Kxf7 (
23... Qe4+ 24. Qg2 Qxg2+ 25. Kxg2 Re2+ 26. Kf3 Rxb2 27. Rxc5 Kxf7 28. Rc7+ Kg8
29. h4 Rxa2 30. Rd1) 24. Qxh7+ Kf6 25. Qxb7 Rd8 26. Qc6+ Bd6) 21. Bc4 Qf5 ({now
} 21... Qe4 $2 {is only playing with the fire, and get burned after} 22. Bxf7+
$1 Kxf7 23. Rc7+ Re7 (23... Kf6 24. Qxh7 Qe6 25. Re1 $18) 24. Qxh7+ Kf6 25.
Rxe7 Qxe7 26. Qxe7+ Kxe7 27. Re1 $18) 22. Qxf5 gxf5 {/+/= Hansen,Cu: White can
hope for some advantage - by putting pressure on f7 or f5. However black does
not seem to be in serious trouble} 23. Rcd1 Rad8 (23... Rac8 {Blatny,P} 24. Bb3
Rcd8 25. g3 $14) 24. g3 Bd4 25. b3 Bf6 $6 {Hansen,Cu: A strange move. Looking
at the game continuation it seems to me that blacks bishop has nothing to do
on f6 but should stay in the /^ a7-g1. White of course would like to get his
Rs to the seventh rank. But blacks K could cover e7(Kf8) and his B c7 (Bb6)} ({
King: Perhaps I'm missing something, but I don't quite see how White makes
progress after} 25... Kg7 26. Bb5 (26. Rfe1 {King} Rxe1+ 27. Rxe1 Kf6 $14 {
Black will have to take care in view of the f7 and f5 pawns, but still, a draw
is most likely.}) (26. Rf3 {King} Rd6 27. Rfd3 Red8) 26... Re6 {was simple and
good.}) (25... Rd6 $5 {[%cal Ye8d8,Yd4b6,Yg8f8] Hansen,Cu /\Red8, Bb6}) 26. Bb5
Rxd1 (26... Re3 27. Rxd8+ Bxd8 28. Rd1) 27. Rxd1 Rd8 (27... Re7 28. Bd7 $1 Re2
29. Bxf5 Rxa2 30. Rd7 $16) 28. Rc1 $1 {White has to avoid the exchange of Rs,
otherwise the position is dead draw. Hansen,Cu: It would be fare more
important for white to get a R to the seventh rank than trying to win P-f5} (
28. Rxd8+ {Blatny,P} Bxd8 29. Bd3 Kg7 $14) 28... Rd5 (28... a6 29. Bf1 (29. Bc4
Rd7) 29... Rd7 30. Bh3 Re7 31. Bxf5 Kg7) 29. a4 Bd8 $6 {Black wants to
activate his B, but now the second P falls.} (29... a6) 30. Rc8 Kg7 31. Rb8 $1
$16 Bb6 {Hansen,Cu: Black has spend a lot of time getting his B back to the
right /^ a7-g1 and seems to be just in time to get counterplay against whites
pawn on the K-side h2-g3-f4} (31... b6 32. Rb7 {/\ Bc4 +/-}) (31... a6 $142) (
31... b6 {Blatny,P ץd8}) 32. Rxb7 (32. h4 {Blatny,P} Rd1+ 33. Kg2 Rd2+ 34. Kf1
Bf2 $11) 32... Rd1+ 33. Kg2 Rd2+ 34. Kh3 (34. Kh1 {Blatny,P} Rd1+ 35. Kg2 Rd2+
$11) 34... Bg1 {/\Rh2#} 35. g4 Bxh2 $2 (35... h5 $5 36. gxh5 Rxh2+ 37. Kg3 Rxh5
38. Bc4 Rh8) (35... fxg4+ 36. Kxg4 Rxh2 37. Bc4) (35... Rxh2+ 36. Kg3 fxg4 37.
Bc4 $1 $16 (37. Kxg4 Rh6 $11 (37... Rg2+ {Blatny,P} 38. Kh5 Rf2 {_|_}) (37...
Rh6 $1 $11 {[%cal Yh6f6] Hansen,Cu Peter Heine Nielsen.} 38. Bc4 Rf6 (38...
Rg6+ 39. Kf3 Rf6 $11) 39. b4 h5+ $11)) (37. Bc4 $2 h5)) 36. gxf5 h5 $2 (36...
Bxf4 37. Kg4 (37. Rxa7 $4 h5 $1 $19) 37... Be5 (37... Rd4 38. Bc4) 38. Bc4 (38.
Rxa7 Rd4+ 39. Kh3 (39. Kh5 $4 Bf6) 39... Rf4) 38... a5 39. Rxf7+ Kh6) 37. Kh4 (
37. Rxa7 {Blatny,P} Bxf4 $19) 37... Bxf4 (37... Kh6 {Blatny,P} 38. Rxf7 (38.
Rxa7 $6 Bxf4 39. Ra6+ Bd6) 38... Rd6 39. Rxa7 Bxf4 40. Be2 $16) 38. Kxh5 $18 {
Hansen,Cu: Now black cannot both defend a7 and f7.} Kf6 39. Bc4 (39. Rxa7 $142
{Blatny,P} Be3 40. Rb7) 39... Kxf5 (39... Be3 40. Rxf7+ Ke5 41. Re7+ Kf4 42. f6
$18) 40. Rxf7+ Ke4 41. Rxa7 Be5 {/\Kf5 <=>} 42. Bf1 Rf2 (42... Kf5 {Hansen,Cu}
43. Bh3+) 43. Bh3 Rf8 44. Be6 Rf1 (44... Rf6 {Blatny,P} 45. Bf7 $18) 45. Rd7 (
45. a5 {Blatny,P} Rh1+ 46. Kg5 Bf4+ 47. Kg4 Rg1+ 48. Kh4 Rh1+ 49. Bh3 Be5 $18)
45... Rh1+ 46. Kg6 Rg1+ 47. Kf7 (47. Kh6 {Blatny,P} Bf6 $18) 47... Rg7+ 48. Ke8
Rxd7 49. Kxd7 {[#] Hecht Due to the idea-rich conduct of the play by both
sides, this endgame earns a Medal. Kramnik demands the most from his opponent
by putting up the best possible defense. [#] Hecht Dieses Endspiel verdient
wegen der ideenreichen Spielführung beiderseits eine Medaille. Kramnik
verlangt seinem Gegner durch bestmögliche Verteidigung das äußerste ab.} Bc3
50. Kc6 Ke5 51. Bg8 Be1 52. Kb6 $1 (52. Kb5 Kd6 53. a5 Kc7 $11) 52... Bf2+ 53.
Ka6 (53. Kb5 {Hecht} Kd6 54. b4 Kc7 55. a5 Be1 56. Ka4 Bd2 57. b5 Be3) 53...
Kd6 54. a5 Kc7 (54... Kc6 {Blatny,P} 55. b4 $18) (54... Be1 {Hecht} 55. Kb6 Kd7
56. a6) 55. b4 Kc6 (55... Bd4 {Blatny,P} 56. b5 $18) 56. b5+ Kc5 (56... Kc7 {
Hecht} 57. b6+ {See the difference between this and the variation as the 53rd
move? There the king only succeeded in getting as far as a4, so that the move
b6 remained a dream. Here the king stands at a6, which wins. Sehen Sie den
Unterschied zur Variante zum 53. Zug? Dort gelangte der König nur bis nach a4,
so daß b6 ein Traum bleibt. Hier steht der König schon auf a6, was gewinnt.})
57. b6 Kb4 (57... Be3 {Hecht} 58. Bf7 Bf2 59. Be8 Be3 60. Kb7 {[%cal Ra5a6,
Ra6a7]}) 58. b7 Bg3 59. Kb6 Bf2+ 60. Kc6 Ba7 61. a6 Ka5 62. Bc4 Bb8 63. Bf1 (
63. Bf1 {Blatny,P} Ba7 64. Kc7 $18) 1-0

[Event "WCC cand"]
[Site "Cazorla"]
[Date "1998.06.02"]
[Round "7"]
[White "Kramnik, Vladimir"]
[Black "Shirov, Alexei"]
[Result "1/2-1/2"]
[WhiteElo "2790"]
[BlackElo "2710"]
[Annotator "Ftacnik,L"]
[PlyCount "67"]
[EventDate "1998.05.24"]
[EventType "match"]
[EventRounds "9"]
[EventCountry "ESP"]
[SourceTitle "CBM 065"]
[Source "ChessBase"]
[SourceDate "1998.08.06"]
[SourceVersion "1"]
[SourceVersionDate "1998.08.06"]
[SourceQuality "1"]

{[%mdl 800]} 1. d4 Nf6 2. c4 g6 3. g3 c6 4. Nf3 Bg7 5. Nc3 d5 6. Qb3 O-O 7. Bg2
Qb6 8. O-O Bf5 9. Ne5 e6 10. Bf4 (10. Be3 Nbd7 11. h3 h5 12. Qa3 a5 13. Rac1
Qb4 14. f4 {1/2-1/2 Pigusov,E-Tseitlin,M/EUCup f/1994/}) 10... Nbd7 (10... h6
$5) 11. Qxb6 axb6 12. f3 Nxe5 (12... c5 13. dxc5 d4 14. Nb5 bxc5 15. Nxd7 Nxd7
16. Bd6 Rfc8 17. f4 Rc6 18. a4 Bc2 19. Ra3 Nb6 20. Rc1 d3 21. exd3 Rxd6 22.
Rxc2 Rd7 {Kramnik,V-Gelfand,B/Dos Hermanas/1996/1/2-1/2 (63)}) 13. Bxe5 (13.
dxe5 $6 Nd7 14. e4 dxe4 15. fxe4 Bg4 16. h3 Bh5 17. g4 g5 $15) 13... g5 (13...
c5 $2 14. e4 dxe4 15. fxe4 $18) (13... dxc4 $4 14. e4 $18) 14. e4 Bg6 15. b3 {
This new move will hardly have a great impact on the evalaution of this
position. White supports his nice center, but this gives black the chances to
prepare better for the tactical advanture.} (15. cxd5 exd5 (15... cxd5 16. Rad1
$14) 16. Rad1 b5 17. a3 (17. exd5 $6 b4 18. Bxf6 Bxf6 19. Ne4 Bg7 $132) (17.
Bxf6 $6 Bxf6 18. exd5 Rfd8 $132) 17... dxe4 (17... Rfd8 18. Bxf6 Bxf6 19. exd5
cxd5 20. Nxb5 $16) 18. fxe4 Nd7 (18... Ng4 $5 19. Bxg7 Kxg7 20. Rfe1 $14) 19.
Bd6 Rfe8 20. e5 Nb6 (20... f5 $5) 21. d5 $1 Rac8 (21... Bxe5 22. dxc6 Bxd6 23.
Rxd6 $16) (21... cxd5 22. Nxd5 Nxd5 23. Rxd5 $16) 22. Bh3 Ra8 23. Bc7 Nxd5 $2 (
23... Nc4 24. dxc6 bxc6 25. Bd7 Nxb2 26. Bxe8 Rxe8 27. Rd6 Bxe5 28. Rxc6 Bd4+
$132) 24. Nxd5 cxd5 25. Rxd5 {Mikhalevski,V-Vydeslaver,A/ISR-ch/1996/1-0 (57)})
15... Rfd8 16. Rfd1 (16. exd5 exd5 17. Rfe1 dxc4 18. bxc4 Ne8 $11) (16. Bc7 $2
Nxe4 $1 $17) 16... dxe4 17. fxe4 (17. Nxe4 Nxe4 18. Bxg7 Nc3 19. Bf6 Nxd1 20.
Bxd8 Rxd8 21. Rxd1 $11) 17... Ng4 18. Bxg7 Kxg7 19. Bf3 {White's center is
very solid, but black is well prepared to attack it effectively.} (19. Rd3 f5
$11) 19... h5 (19... Ne3 20. Rd2 f5 21. Kf2 f4 22. h4 h6 23. gxf4 gxf4 24. Rg1
$14) 20. Rd2 Ne5 21. Bg2 (21. Kf2 f5 $132) 21... c5 22. d5 (22. Rad1 cxd4 23.
Rxd4 Rxd4 24. Rxd4 Kf8 25. Rd6 b5 26. cxb5 Rc8 27. Nd1 Rc2 28. a4 Ke7 $44)
22... Nc6 $1 {The tactics can serve strategical purposes very well, black
knight aims for the excellent d4 square.} (22... exd5 23. Nxd5 h4 24. gxh4 gxh4
25. Rf1 $14) 23. Rad1 (23. Re1 $5 e5 (23... Nd4 24. e5 exd5 25. cxd5 (25. Nxd5
Bc2 26. Rf1 Rxa2 27. Rdf2 Rf8 (27... Rd7 28. Nxb6 Re7 29. Bd5 Rxe5 30. Rxf7+
Kh6 31. Nd7 $16) 28. Nxb6 Bxb3 $11) 25... b5 26. h4 $14) 24. Rf2 Nd4 $13) (23.
Nb5 e5 $1) 23... Nd4 24. e5 exd5 25. cxd5 (25. Nxd5 Bc2 26. Rf1 Rxa2 27. Rdf2
Rf8 $11) 25... Re8 26. Re1 (26. Na4 $5 Rxe5 27. Nxb6 Rd8 (27... Rae8 28. Nd7
Ne2+ 29. Kh1 Nc3 30. Nxe5 Nxd1 31. Rxd1 Rxe5 32. d6 $18) 28. Na4 Rexd5 29. Bxd5
Rxd5 30. Kf2 Bc2 31. Rf1 $14) 26... Nc2 27. Ree2 Nd4 28. Re1 Nc2 29. Rxc2 $5 {
Kramnik, lagging in the match can afford to take some risks. The central pawns
can become dangerous, but black has ways to eliminate them.} (29. Ree2 Nd4 $11)
29... Bxc2 30. d6 Bf5 $1 (30... Rad8 31. Nb5 Bf5 32. Nc7 Rf8 33. Bxb7 $13) 31.
Bxb7 (31. Nb5 $2 Rxa2 32. Bxb7 Rd2 $17) 31... Rad8 32. Bc6 {If white doesn't
play aggressively enough he can easily become worse.} (32. Kf2 f6 33. exf6+
Kxf6 34. Rd1 (34. Nd5+ Kf7 35. Re7+ Rxe7 36. dxe7 Rd6 $19) 34... Ke6 $17) 32...
Re6 (32... Bd7 33. Bxd7 Rxd7 34. Kf2 Kg6 35. Nd5 $13) 33. Bd5 Rdxd6 (33... Ree8
34. Bc6) 34. Bxe6 (34. Bxe6 Rxe6 35. Nd5 $11) 1/2-1/2